Hard to Spell Words - Geography #2 - Statistics

General Stats
  • This quiz has been taken 54 times
  • The average score is 6 of 10
Answer Stats
Hint Category Answer % Correct
Country in Southeast Asia with 7,107 islands Country Philippines
89%
Capital of Madagascar Capital City Antananarivo
86%
Its Capital is Dushanbe Capital City Tajikistan
82%
Capital of Honduras Capital City Tegucigalpa
82%
Largest City in New Mexico City Albuquerque
73%
Far-eastern Russian Peninsula Peninsula Kamchatka
59%
Capital of Ivory Coast Capital City Yamoussoukro
59%
5 Word Country in the Caribbean Country Saint Vincent and the Grenadines
25%
Mexican city whose name looks almost nothing like the pronunciation City Oaxaca
14%
Area of Southern Greece, Home to the Spartans Peninsula Peloponnesian
7%
No matching quizzes found
Score Distribution
Percent of People with Each Score
Percentile by Number Answered
Your Score History
You have not taken this quiz